| 000 -ლიდერი |
| ფიქსირებული სიგრძის საკონტროლო ველი |
01400nam a22002417a 4500 |
| 003 - საკონტროლო ნომრის იდენტიფიკატორი |
| საკონტროლო ველი |
Ge_BSU |
| 005 - ბოლო ოპერაციის თარიღი და დრო |
| საკონტროლო ველი |
20191223150111.0 |
| 008 - ფიქსირებული სიგრძის მონაცემთა ელემენტები - ზოგადი ინფორმაცია |
| ფიქსირებული სიგრძის საკონტროლო ველი |
191223s2019 ge ||||| |||| 00| 0 geo d |
| 020 ## - წიგნის საერთაშორისო სტანდარტული ნომერი |
| International Standard Book Number |
9789941819162 |
| 041 ## - ენის კოდი |
| Language code of text/sound track or separate title |
geo |
| 080 ## - უნივერსალური ათობითი კლასიფიკაციის ინდექსი |
| Universal Decimal Classification number |
347.962+349.2(479.22) ე-95 |
| 245 ## - ცნობა სათაურის შესახებ |
| Title |
ევპორული კავშირის მართლმსაჯულების სასამართლო პრაქტიკა და ქართული შრომის სამართალი / |
| Statement of responsibility, etc |
ეკატერინე გასიტაშვილი ; ნინო ბაქაქური ; ეკატერინე ქარდავა ; მაია კარტოზია ; ნინო ლიპარტია ; რედ. ეკატერინე ქარდავა. |
| 264 ## - წარმოების, გამოცემის, დისტრიბუციის და სხვა ცნობები |
| გამოცემის, წარმოების, დისტრიბუციის... ადგილი |
თბილისი, |
| გამოცემის, წარმოების, დისტრიბუციის... თარიღი |
2019. |
| 300 ## - ფიზიკური აღწერა |
| Extent |
213 გვ .: |
| Dimensions |
20 სმ. |
| 653 ## - INDEX TERM--UNCONTROLLED |
| Uncontrolled term |
სამართალი |
| 700 ## - ADDED ENTRY--PERSONAL NAME |
| Personal name |
გასიტაშვილი, ეკატერინე |
| 9 (RLIN) |
2238 |
| 700 ## - ADDED ENTRY--PERSONAL NAME |
| Personal name |
ბაქაქური, ნინო |
| 9 (RLIN) |
5914 |
| 700 ## - ADDED ENTRY--PERSONAL NAME |
| Personal name |
ქარდავა, ეკატერინე |
| 9 (RLIN) |
5915 |
| 700 ## - ADDED ENTRY--PERSONAL NAME |
| Personal name |
კარტოზია, მაკა |
| 9 (RLIN) |
5916 |
| 700 ## - ADDED ENTRY--PERSONAL NAME |
| Personal name |
ლიპარტია, ნინო |
| 9 (RLIN) |
5917 |
| 700 ## - ADDED ENTRY--PERSONAL NAME |
| Personal name |
ქარდავა, ეკატერინე |
| 9 (RLIN) |
5918 |
| 942 ## - ADDED ENTRY ELEMENTS (KOHA) |
| Source of classification or shelving scheme |
|
| Koha item type |
წიგნი |